000 00437nam a2200193Ia 4500
005 20250603145329.0
008 250603s9999 xx 000 0 und d
020 _a9780415704977
050 _aTA 403 .L95/
100 _aLyons, Arthur
245 0 _aMaterials for architects and builders
250 _a5th ed.
260 _aLondon
260 _bRoutledge
260 _c2014
300 _a95 p
650 _aLondon
942 _cBK
999 _c41546
_d41546